000 00270nam a22001097a 4500
999 _c5008
_d5008
008 250509b ||||| |||| 00| 0 eng d
020 _a9780857807809
082 _a623.74 BOO
245 _aSPITFIRE
260 _aCOTTAGE FARM,SYWELL,NN6 0BJ
_bIGLOOBOOKS
_c2012
942 _2ddc